<?xml version="1.0" encoding="UTF-8"?>
<collection xmlns="http://www.loc.gov/MARC21/slim">
  <record>
    <leader>00000nam  2200000   4500</leader>
    <controlfield tag="001">INLIS000000000041416</controlfield>
    <controlfield tag="005">20201116110749</controlfield>
    <datafield tag="035" ind1="#" ind2="#">
      <subfield code="a">0010-061300000041416</subfield>
    </datafield>
    <controlfield tag="008">201116################g##########0#ind##</controlfield>
    <datafield tag="041" ind1="#" ind2="#">
      <subfield code="a">ind</subfield>
    </datafield>
    <datafield tag="082" ind1="#" ind2="#">
      <subfield code="a">324.34</subfield>
    </datafield>
    <datafield tag="090" ind1="#" ind2="#">
      <subfield code="a">324.34, Per p</subfield>
    </datafield>
    <datafield tag="245" ind1="#" ind2="#">
      <subfield code="a">Perlindungan terhadap wanita dan anak-anak dalam ketentuan pelanggaran ham berat di indonesia</subfield>
    </datafield>
    <datafield tag="260" ind1="#" ind2="#">
      <subfield code="a">Jakarta :</subfield>
      <subfield code="b">Pusat Penelitian dan Pengembangan Ham Departemen Hukum dan Ham,</subfield>
      <subfield code="c">2007</subfield>
    </datafield>
    <datafield tag="300" ind1="#" ind2="#">
      <subfield code="a">149 hlm, ;</subfield>
      <subfield code="c">21x14 cm</subfield>
    </datafield>
    <datafield tag="650" ind1="#" ind2="4">
      <subfield code="a">Wanita-Hak Sipil</subfield>
    </datafield>
    <datafield tag="710" ind1=" " ind2="#">
      <subfield code="a">Pusat Penelitian dan Pengembangan Ham Departemen Hukum dan Ham</subfield>
    </datafield>
    <datafield tag="850" ind1="#" ind2="#">
      <subfield code="a">NNT-CD</subfield>
    </datafield>
    <datafield tag="084" ind1="#" ind2="#">
      <subfield code="a">324.34 PER</subfield>
    </datafield>
    <datafield tag="990" ind1="#" ind2="#">
      <subfield code="a">31200004</subfield>
    </datafield>
  </record>
</collection>
